Greatest TV Catchphrases Quiz Stats

 Plays Quiz Updated Aug 13, 2018

Challenge
Share
Tweet
Embed
Score 0/50 Timer 08:00
1 Play Today
Quote or Catchphrase Source % Correct
'You're fired!'Donald Trump, 'The Apprentice'
89.4%
'D'oh!'Homer Simpson, 'The Simpsons'
87.9%
'Yabba dabba do!'Fred Flintstone, 'The Flintstones'
87.3%
'Live long and prosper'Spock, 'Star Trek'
80.6%
'Oh, my God! They killed Kenny!'Stan and Kyle, 'South Park'
79.9%
'Space, the final frontier...'Capt. Kirk, 'Star Trek'
78%
'One small step for man...'Neil Armstrong
76.7%
'Is that your final answer?'Regis Philbin, 'Who Wants to Be a Millionaire'
75.7%
'Ask not what your country can do for you...'John F. Kennedy
75%
'No soup for you!'The Soup Nazi, 'Seinfeld'
72.9%
'Come on down!'Johnny Olson, 'The Price is Right'
71%
'Smile, you're on 'Candid Camera'''Candid Camera'
70.5%
'Here's Johnny!'Ed McMahon, 'The Tonight Show'
70.4%
'Yada, yada, yada...''Seinfeld'
70.3%
'Whatchoo talkin' 'bout, Willis?'Arnold Jackson (Drummond), 'Diff'rent Strokes'
65.8%
'I'm not a crook...'Richard Nixon
64.2%
'...if it weren't for you meddling kids!'The bad guy, 'Scooby Doo, Where Are You?'
64.2%
'How YOU doin'?'Joey Tribbiani, 'Friends'
64%
'Good grief'Charlie Brown, 'Peanuts' specials
63.1%
'It keeps going and going and going...'Energizer Batteries ad
62.7%
'Aaay'Fonzie, 'Happy Days'
61.3%
'Norm!''Cheers'
58.6%
'We are two wild and crazy guys!'Steve Martin and Dan Aykroyd as Czech playboys, 'Saturday Night Live'
56.7%
'Read my lips: No new taxes!'George H. W. Bush
56.7%
'Where's the beef?'Wendy's ad
55.2%
Quote or Catchphrase Source % Correct
'Well, isn't that special?''Dana Carvey as the Church Lady, 'Saturday Night Live'
54.6%
'Book 'em, Danno'Steve McGarrett, 'Hawaii Five-O'
54.5%
'Hey, hey, HEEY!'Fat Albert, 'Fat Albert'
54.1%
'You look mahvelous!'Billy Crystal as Fernando, 'Saturday Night Live'
52.7%
'Jane, you ignorant ****'Dan Aykroyd to Jane Curtin, 'Saturday Night Live'
51.7%
'I want my MTV!'MTV ad
51.6%
'De plane! De plane!'Tattoo, 'Fantasy Island'
44.8%
'Two thumbs up'Siskel & ****, 'Siskel & ****'
44%
'You rang?'Lurch, 'Addams Family'
42.7%
'Dyn-o-mite'J.J., 'Good Times'
41.5%
'Danger, Will Robinson'Robot, 'Lost in Space'
40.7%
'Whassup?'Budweiser ad
39.6%
'It takes a licking...'Timex ad
39.5%
'Tastes great! Less filling!'Miller Lite beer ad
36.3%
'And that's the way it is'Walter Cronkite, 'CBS Evening News'
34.6%
'Let's get ready to rumble'Michael Buffer, various sports events
34%
'Baby, you're the greatest'Ralph Kramden, 'The Honeymooners'
33.5%
'Sock it to me''Rowan and Martin's Laugh-In'
31.8%
'The thrill of victory, the agony of defeat'Jim McKay, 'ABC's Wide World of Sports'
28.8%
'Homey don't play that!'Homey the Clown, 'In Living Color'
28.3%
'Stifle!'Archie Bunker, 'All in the Family'
26.4%
'Would you believe?'Maxwell Smart, 'Get Smart'
20.3%
'Good night, and good luck'Edward R. Murrow, 'See It Now'
19%
'How sweet it is!'Jackie Gleason, 'The Jackie Gleason Show'
18.9%
'You've got spunk...'Lou Grant, 'The Mary Tyler Moore Show'
15.3%

You're not logged in!

Compare scores with friends on all Sporcle quizzes.
Join for Free
OR
Log In

You Might Also Like...

Show Comments

Extras

Top Quizzes Today


Score Distribution

Your Account Isn't Verified!

In order to create a playlist on Sporcle, you need to verify the email address you used during registration. Go to your Sporcle Settings to finish the process.

Report this User

Report this user for behavior that violates our Community Guidelines.

Details: